LEADER 00868nam0-22003251i-450- 001 990001084780403321 010 $a0-471-90701-4 035 $a000108478 035 $aFED01000108478 035 $a(Aleph)000108478FED01 035 $a000108478 100 $a20000920d1985----km-y0itay50------ba 101 0 $aeng 200 1 $aExperimental Measurements$ePrecision, Error and Truth$fN.C. Barford 205 $a2nd ed. 210 $aChichester [etc.]$cJohn Wiley$d1985 300 $aD.F. 610 0 $aProbabilità 610 0 $aStatistica 676 $a519 700 1$aBarford,$bNorman Charles$044638 801 0$aIT$bUNINA$gRICA$2UNIMARC 901 $aBK 912 $a990001084780403321 952 $a18-228$b15637$fFI1 952 $a18-228.001$b15636$fFI1 959 $aFI1 996 $aExperimental measurements$942976 997 $aUNINA DB $aING01 LEADER 01008nam0-22003371i-450- 001 990005483670403321 005 20070713131020.0 035 $a000548367 035 $aFED01000548367 035 $a(Aleph)000548367FED01 035 $a000548367 100 $a19990604d1971----km-y0itay50------ba 101 0 $aita 102 $aIT 105 $ay-------001yy 200 1 $aIacopo D'Appiano$eEconomia, societa e politica del comune di Pisa al suo tramonto (1392-1399)$fOttavio Banti 210 $aPisa$c[s.n.]$d1971 215 $a359 p.$d25 cm 225 1 $aPubblicazioni dell'Istituto di storia della Facolta di Lettere$fUniversita degli Studi di Pisa$v4 676 $a330 676 $a945.55 700 1$aBanti,$bOttavio$0211233 801 0$aIT$bUNINA$gRICA$2UNIMARC 901 $aBK 912 $a990005483670403321 952 $a945.55 BAN 1$bST.MED.MOD. 8762$fFLFBC 952 $aSDI-2KD 84$bs.i.$fSDI 959 $aFLFBC 959 $aSDI 996 $aIacopo D'Appiano$9302262 997 $aUNINA LEADER 01323cam0 22003131 450 001 SOBE00027881 005 20240221124859.0 100 $a20121011d2008 |||||ita|0103 ba 101 $aita 102 $aIT 200 1 $aNote per un lessico giuridico$fPaola Giordano 210 $aNapoli$cUniversità degli Studi Suor Orsola Benincasa$d2008 215 $a151 p.$d23 cm 225 2 $aQuaderni della didattica$fUniversità degli studi Suor Orsola Benincasa$v2 410 1$1001LAEC00028229$12001 $a*Quaderni della didattica / Università degli studi Suor Orsola Benincasa$v2 700 1$aGiordano$b, Paola$3AF00009565$4070$0239491 801 0$aIT$bUNISOB$c20240221$gRICA 850 $aUNISOB 852 $aUNISOB$j340.1$m158172 852 $aUNISOB$j340.1$m158173 852 $aUNISOB$j340.1$m158174 912 $aSOBE00027881 940 $aM 102 Monografia moderna SBN 941 $aM 957 $a340.1$b001321$gSI$d158172$rdono$1catenacci$2UNISOB$3UNISOB$420121011105533.0$520200921082733.0$6bethb 957 $a340.1$b001321$i-b$gSI$d158173$rdono$1catenacci$2UNISOB$3UNISOB$420121011105819.0$520200921082755.0$6bethb 957 $a340.1$b001321$i-c$gSI$d158174$rdono$1catenacci$2UNISOB$3UNISOB$420121011105908.0$520170516114704.0$6catenacci 996 $aNote per un lessico giuridico$91716667 997 $aUNISOB